| 000 | 02610cam a2200313 i 4500 | ||
|---|---|---|---|
| 999 |
_c8456 _d8456 |
||
| 003 | BJBSDDR | ||
| 005 | 20230404125956.0 | ||
| 007 | ta | ||
| 008 | 170825s2014 cl 000 0 spa d | ||
| 020 | _a9789562478151 | ||
| 020 | _a9562478157 | ||
| 040 |
_bspa _cBJBSDDR |
||
| 041 | _aspa | ||
| 050 | 1 | 4 |
_a104 F 3101.3 _bT597a 2014 |
| 082 | 0 | 0 | _a320.983 |
| 100 | 1 |
_aTironi Barrios, Eugenio, _d1951- |
|
| 245 | 1 | 0 |
_aApología de la intuición : _bo cómo comprender el desprestigio de la democracia y la empresa / _cEugenio Tironi |
| 260 |
_aSantiago de Chile : _bAriel, _c2014 |
||
| 300 |
_a299 p. ; _c23 cm |
||
| 520 | _aNo hay dos opiniones. La política y la democracia, al igual que el capitalismo y la empresa, están acosados por el desprestigio. ¿Hay acaso una conexión entre el descrédito que afecta a unos y otros? El sociólogo Eugenio Tironi sostiene que sí, que la hay: todos ellos buscaron su fuente de legitimidad en la ciencia y los expertos, y como ellos no despiertan la fe ciega que suscitaban antaño, su legitimidad está por los suelos. La llamada crisis del modelo, o la profusión de protestas y conflictos sociales, o la denominada judicialización, o los reclamos contra el lucro y los abusos, o los llamados al diálogo y la participación, incluso la demanda por una nueva Constitución, son fenómenos que responden a lo mismo: al fin de los buenos viejos tiempos en que la voz de la ciencia y de los expertos no tenía contrapeso. A juicio del autor, estamos en un punto de inflexión. Las ideas e instituciones que han gobernado tanto a la democracia como a la empresa están desbordadas y en entredicho. Y son precisamente quienes se suponía serían sus defensores, los estudiantes y los consumidores, los que han salido a la calle a pedirles cuentas, formulando esas preguntas que los adultos no se atrevían a enunciar. A partir de este enfoque, Tironi cuestiona la pretensión que algunos se arrogan de saber lo que depara el futuro apelando a sus modelos o paradigmas, y proclama, en cambio, devolver carta de ciudadanía a la intuición, a la memoria, a la pasión. Lo hace con esa libertad intelectual y esa misma pluma incisiva que lo han convertido en uno de los ensayistas más respetados en nuestro medio. | ||
| 650 | 0 |
_aDemocracy _zChile. |
|
| 650 | 4 |
_aDemocracia _zChile _9411 |
|
| 651 | 0 |
_aChile _xSocial conditions _y21st century. |
|
| 651 | 0 |
_aChile _xPolitics and government _y21st century. |
|
| 651 | 4 |
_aChile _xCondiciones sociales _ySiglo XXI _914218 |
|
| 651 | 4 |
_aChile _xPolítica y gobierno _ySiglo XXI _9931 |
|
| 942 |
_2lcc _cBK |
||
| 946 | _adpf | ||